[Event "Moscow Aeroflot op-A"]
[Site "Moscow"]
[Date "2024.03.06"]
[Round "7"]
[White "Shubin, Kirill"]
[Black "Pogosyan, Stefan"]
[Result "1-0"]
[WhiteElo "2458"]
[BlackElo "2360"]
[PlyCount "101"]
[EventDate "2024.03.03"]
[EventType "swiss"]
[EventRounds "9"]
[EventCountry "RUS"]
[SourceTitle "CB11_2024"]
[SourceDate "2024.03.13"]
[SourceVersion "1"]
[SourceVersionDate "2024.03.13"]
[SourceQuality "1"]

1. e4 e5 2. Nf3 Nc6 3. Bc4 Nf6 4. d3 Bc5 5. 0-0 d6 6. c3 a6 7. a4 0-0 8. Bg5 h6 9. Bh4 Bg4 10. h3 Bxf3 11. Qxf3 g5 12. Bg3 Kg7 13. Nd2 Qd7 14. Rfe1 g4 15. hxg4 Qxg4 16. Qxg4+ Nxg4 17. Nf3 Ba7 18. Rad1 Ne7 19. d4 b5 20. axb5 axb5 21. Bxb5 Rab8 22. Be2 f5 23. exf5 Nxf5 24. Nh4 Nxg3 25. Bxg4 Rf4 26. Bf3 Nf5 27. Nxf5+ Rxf5 28. Ra1 Bb6 29. dxe5 Rxe5 30. Rxe5 dxe5 31. Rd1 Kf6 32. Rd7 Re8 33. Be4 Re7 34. Rd3 Re6 35. Kf1 Rd6 36. Rf3+ Ke7 37. Ke2 Rf6 38. Bf5 h5 39. g3 Kf7 40. b4 Kg7 41. Kd3 Rd6+ 42. Ke4 Rd2 43. Kxe5 Rxf2 44. Rd3 Re2+ 45. Be4 Bf2 46. Rd7+ Kf8 47. Kf4 Be1 48. Rxc7 Bd2+ 49. Kf5 Re3 50. b5 Rxc3 51. b6 1-0

[Event "Moscow Aeroflot op-A"]
[Site "Moscow"]
[Date "2024.03.05"]
[Round "5"]
[White "Rakhmatullaev, Almas"]
[Black "Pogosyan, Stefan"]
[Result "1/2-1/2"]
[WhiteElo "2424"]
[BlackElo "2360"]
[PlyCount "66"]
[EventDate "2024.03.03"]
[EventType "swiss"]
[EventRounds "9"]
[EventCountry "RUS"]
[SourceTitle "CB11_2024"]
[SourceDate "2024.03.13"]
[SourceVersion "1"]
[SourceVersionDate "2024.03.13"]
[SourceQuality "1"]

1. e4 e5 2. Nf3 Nc6 3. Bc4 Nf6 4. Ng5 d5 5. exd5 Na5 6. Bb5+ Bd7 7. Qe2 Be7 8. Nf3 0-0 9. Bxd7 Qxd7 10. Nxe5 Qxd5 11. 0-0 Bd6 12. Ng4 Nxg4 13. Qxg4 f5 14. Qh3 Nc6 15. d3 Nd4 16. c4 Ne2+ 17. Kh1 Qe5 18. Nc3 Nxc3 19. bxc3 Qxc3 20. Rb1 Rae8 21. Bb2 Qd2 22. Qf3 b6 23. h3 a5 24. a4 Qc2 25. Bd4 Qxa4 26. Bxb6 cxb6 27. Qd5+ Kh8 28. Qxd6 Rf6 29. Qf4 h6 30. Rb5 Qc2 31. Qd4 a4 32. Rb2 Rd6 33. Rxc2 Rxd4 1/2-1/2

[Event "Moscow Aeroflot op-A"]
[Site "Moscow"]
[Date "2024.03.04"]
[Round "3"]
[White "Drygalov, Andrey"]
[Black "Pogosyan, Stefan"]
[Result "1/2-1/2"]
[WhiteElo "2475"]
[BlackElo "2360"]
[PlyCount "84"]
[EventDate "2024.03.03"]
[EventType "swiss"]
[EventRounds "9"]
[EventCountry "RUS"]
[SourceTitle "CB11_2024"]
[SourceDate "2024.03.13"]
[SourceVersion "1"]
[SourceVersionDate "2024.03.13"]
[SourceQuality "1"]

1. d4 Nf6 2. c4 e6 3. Nc3 Bb4 4. e3 0-0 5. Bd3 d5 6. a3 Bxc3+ 7. bxc3 dxc4 8. Bxc4 c5 9. Ne2 Qc7 10. Bd3 e5 11. 0-0 Nc6 12. Ng3 Rd8 13. f4 exd4 14. cxd4 cxd4 15. e4 Ng4 16. Qe2 Ne3 17. Bxe3 dxe3 18. Qxe3 Nd4 19. e5 Qb6 20. Kh1 Nb3 21. Rae1 Qxe3 22. Rxe3 Nc5 23. Be2 g6 24. f5 Bxf5 25. Nxf5 gxf5 26. Rxf5 Rac8 27. h3 Ne6 28. Rg3+ Kf8 29. Bh5 Rc7 30. Rgf3 Rdd7 31. Rf6 Ng7 32. Bg4 Re7 33. e6 h5 34. Bf5 Rc6 35. Bg6 Rcxe6 36. Rxf7+ Rxf7 37. Bxf7 Re1+ 38. Kh2 Ke7 39. Bd5 Kd6 40. Bxb7 Ke5 41. Bc8 Rc1 42. Rf7 Kd5 1/2-1/2

[Event "Moscow-ch op Superfinal"]
[Site "Ershovo"]
[Date "2024.02.25"]
[Round "4"]
[White "Pogosyan, Stefan"]
[Black "Lintchevski, Daniil"]
[Result "1/2-1/2"]
[WhiteElo "2360"]
[BlackElo "2540"]
[PlyCount "63"]
[EventDate "2024.02.23"]
[EventType "swiss"]
[EventRounds "10"]
[EventCountry "RUS"]
[SourceTitle "CB10_2024"]
[SourceDate "2024.03.06"]
[SourceVersion "1"]
[SourceVersionDate "2024.03.06"]
[SourceQuality "1"]

1. d4 d5 2. c4 e6 3. Nc3 Nf6 4. Bg5 Be7 5. e3 h6 6. Bh4 0-0 7. Nf3 Ne4 8. Bxe7 Qxe7 9. Rc1 c6 10. g4 Nd7 11. h4 f5 12. gxf5 Nxc3 13. Rxc3 Rxf5 14. Rg1 Rf6 15. cxd5 exd5 16. Bd3 c5 17. dxc5 Nxc5 18. Bc2 Be6 19. Ne5 Ne4 20. Bxe4 dxe4 21. Ng6 Qb4 22. Qd2 Re8 23. Nf4 Bf7 24. Rc7 Qxd2+ 25. Kxd2 Rb6 26. Kc3 Rd8 27. Ne2 Rf6 28. Nd4 Rxf2 29. Rxg7+ Kxg7 30. Ne6+ Kg6 31. Nxd8 Bxa2 32. Rxb7 1/2-1/2

[Event "EU-ch U18 30th"]
[Site "Antalya"]
[Date "2022.11.12"]
[Round "7"]
[White "Pogosyan, Stefan"]
[Black "Decuigniere, Tom"]
[Result "0-1"]
[WhiteElo "2388"]
[BlackElo "2325"]
[PlyCount "64"]
[EventDate "2022.11.06"]
[EventType "swiss"]
[EventRounds "9"]
[EventCountry "TUR"]
[SourceTitle "CBM 211 Extra"]
[Source "ChessBase"]
[SourceDate "2023.01.31"]
[SourceVersion "1"]
[SourceVersionDate "2023.01.31"]
[SourceQuality "1"]

1. d4 Nf6 2. Nf3 e6 3. e3 c5 4. Bd3 b6 5. 0-0 Bb7 6. c4 cxd4 7. exd4 Be7 8. Nc3 d5 9. cxd5 Nxd5 10. Qa4+ Qd7 11. Bb5 Bc6 12. Nxd5 Qxd5 13. Bxc6+ Nxc6 14. Bf4 0-0 15. Rfc1 b5 16. Qb3 Rfc8 17. Qxd5 exd5 18. Rc3 Bb4 19. Rc2 Ne7 20. Bc7 Ba5 21. Rac1 Bb6 22. Kf1 f6 23. Ke2 Kf7 24. Kd3 Ke6 25. Bxb6 Rxc2 26. Rxc2 axb6 27. a3 Kd6 28. Rc3 Ra4 29. Rb3 Kc6 30. Ne1 Nf5 31. Nc2 Rc4 32. g4 Rxc2 0-1

[Event "EU-ch U18 30th"]
[Site "Antalya"]
[Date "2022.11.11"]
[Round "6"]
[White "Akbas, Umut Ata"]
[Black "Pogosyan, Stefan"]
[Result "0-1"]
[WhiteElo "2317"]
[BlackElo "2388"]
[PlyCount "50"]
[EventDate "2022.11.06"]
[EventType "swiss"]
[EventRounds "9"]
[EventCountry "TUR"]
[SourceTitle "EXT 2024"]
[Source "ChessBase"]
[SourceDate "2023.10.10"]
[SourceVersion "1"]
[SourceVersionDate "2023.10.10"]
[SourceQuality "1"]

1. c4 f5 2. g3 Nf6 3. Bg2 g6 4. Nc3 Bg7 5. d4 0-0 6. e3 d6 7. d5 c6 8. Nge2 Bd7 9. 0-0 Na6 10. Rb1 Rc8 11. b4 Qe8 12. Qb3 Kh8 13. Ba3 g5 14. Nd4 cxd5 15. cxd5 Ng4 16. b5 Nc5 17. Qd1 f4 18. h3 Ne5 19. exf4 gxf4 20. Bxc5 Rxc5 21. Rb3 f3 22. Bh1 Bxh3 23. Re1 Qh5 24. Ne4 Bg4 25. Ne6 Bxe6 0-1

[Event "RUS-chT Rapid"]
[Site "Sochi"]
[Date "2021.10.16"]
[Round "6.4"]
[White "Zakhartsov, Vladimir"]
[Black "Pogosyan, Stefan"]
[Result "1/2-1/2"]
[WhiteElo "2514"]
[BlackElo "2407"]
[PlyCount "182"]
[EventDate "2021.10.15"]
[EventType "team-swiss (rapid)"]
[EventRounds "9"]
[EventCountry "RUS"]
[SourceTitle "CBM 204 Extra"]
[Source "ChessBase"]
[SourceDate "2021.11.30"]
[SourceVersion "1"]
[SourceVersionDate "2021.11.30"]
[SourceQuality "1"]
[WhiteTeam "Moscow Severnyy Kharakter"]
[BlackTeam "Moscow Molodezhka"]
[WhiteTeamCountry "RUS"]
[BlackTeamCountry "RUS"]

1. c4 Nf6 2. d4 e6 3. Nc3 Bb4 4. e3 0-0 5. Nf3 d5 6. Bd2 b6 7. cxd5 exd5 8. Bd3 c5 9. a3 Bxc3 10. Bxc3 Ba6 11. dxc5 bxc5 12. 0-0 Bxd3 13. Qxd3 Nbd7 14. Rac1 Qe7 15. Rfd1 Rfd8 16. Qa6 Qe6 17. Qd3 Rac8 18. h3 h6 19. b4 d4 20. exd4 c4 21. d5 Qd6 22. Qf5 Nb6 23. Be5 Qd7 24. Qxd7 Nfxd7 25. Rd4 c3 26. Bf4 Nf8 27. Rd3 Nxd5 28. Be5 Ng6 29. g3 Nxe5 30. Nxe5 f6 31. Nf3 Kf7 32. Ne1 a5 33. Rcd1 axb4 34. axb4 Ke6 35. Nc2 Rc4 36. Re1+ Kf7 37. Red1 Ke6 38. b5 Rd7 39. Ne3 Rc5 40. Nc2 Nb6 41. Rxd7 Nxd7 42. Rb1 Nb6 43. Kf1 Kd6 44. Ke2 Rd5 45. Ne3 Rd2+ 46. Ke1 Kc5 47. Rb3 Kd4 48. Rb1 c2 49. Rb4+ Kc3 50. Rb3+ Kxb3 51. Kxd2 Kb4 52. Kxc2 Kxb5 53. Nf5 Kc5 54. Nxg7 Kd5 55. Kd3 Ke5 56. f4+ Kd5 57. g4 Na4 58. Nf5 h5 59. gxh5 Ke6 60. Nd4+ Kf7 61. Ke4 Nc3+ 62. Kf5 Nd5 63. Nc2 Ne7+ 64. Kg4 Nd5 65. Nd4 Ne3+ 66. Kf3 Nd5 67. Nf5 Nc3 68. h4 Nd5 69. h6 Kg6 70. h5+ Kh7 71. Ke4 Nc3+ 72. Kd4 Ne2+ 73. Ke3 Nc3 74. Kf3 Nd5 75. Kg4 Nc3 76. Kf3 Nd5 77. Kg4 Nc3 78. Ng3 Kxh6 79. Kf5 Nd5 80. Ke4 Nc7 81. Kf5 Nd5 82. Kg4 Ne3+ 83. Kf3 Nd5 84. Ke4 Nc7 85. f5 Kg5 86. Kd4 Ne8 87. Kd5 Ng7 88. Ne4+ Kxf5 89. h6 Kg6 90. Nxf6 Kxh6 91. Ne8 Nxe8 1/2-1/2

[Event "RUS-chT Blitz"]
[Site "Sochi"]
[Date "2021.10.14"]
[Round "5.4"]
[White "Pogosyan, Stefan"]
[Black "Sjugirov, Sanan"]
[Result "0-1"]
[WhiteElo "2407"]
[BlackElo "2663"]
[PlyCount "58"]
[EventDate "2021.10.14"]
[EventType "team-swiss (blitz)"]
[EventRounds "13"]
[EventCountry "RUS"]
[SourceTitle "CBM 204 Extra"]
[Source "ChessBase"]
[SourceDate "2021.11.30"]
[SourceVersion "1"]
[SourceVersionDate "2021.11.30"]
[SourceQuality "1"]
[WhiteTeam "Moscow Molodezhka"]
[BlackTeam "Kalmykiya Uralan"]
[WhiteTeamCountry "RUS"]
[BlackTeamCountry "RUS"]

1. Nf3 Nf6 2. b3 d5 3. Bb2 Bf5 4. e3 e6 5. d4 h6 6. Bd3 Bxd3 7. Qxd3 Nbd7 8. Nbd2 c6 9. 0-0 Be7 10. c4 0-0 11. e4 dxe4 12. Nxe4 a5 13. a3 Qb6 14. Nxf6+ Nxf6 15. Rad1 Rad8 16. Rfe1 Rfe8 17. h3 Qa6 18. Ne5 b5 19. Qf3 Rc8 20. Bc1 a4 21. b4 bxc4 22. Be3 Rc7 23. Rc1 Rec8 24. Rxc4 Qb5 25. Rec1 Bd6 26. Nxc6 Kf8 27. Bf4 Bxf4 28. Rc5 Qb6 29. b5 Bxc1 0-1

[Event "Moscow City Team-ch"]
[Site "Moscow"]
[Date "2021.09.13"]
[Round "3"]
[White "Pavlov, Danila"]
[Black "Pogosyan, Stefan"]
[Result "1/2-1/2"]
[WhiteElo "2390"]
[BlackElo "2400"]
[PlyCount "108"]
[EventDate "2021.09.11"]
[EventType "team-swiss"]
[EventRounds "7"]
[EventCountry "RUS"]
[SourceTitle "EXT 2022"]
[Source "ChessBase"]
[SourceDate "2021.10.06"]
[SourceVersion "1"]
[SourceVersionDate "2021.10.06"]
[SourceQuality "1"]

1. e4 c5 2. Nf3 Nc6 3. d4 cxd4 4. Nxd4 Qc7 5. Nc3 e6 6. g3 a6 7. Bg2 Nf6 8. 0-0 Bc5 9. Nb3 Ba7 10. Qe2 Ne5 11. Kh1 d6 12. f4 Neg4 13. Bf3 h5 14. Kg2 e5 15. f5 b5 16. a3 d5 17. exd5 Bxf5 18. d6 Qc8 19. h3 Kf8 20. hxg4 hxg4 21. Be4 Nxe4 22. Nxe4 Qe6 23. Bg5 f6 24. Nbd2 Kf7 25. Be3 Bxe3 26. Qxe3 Rh5 27. Rh1 Rxh1 28. Rxh1 Rc8 29. c3 Qd5 30. Re1 Kg6 31. Kg1 Bd7 32. Nf2 Qxd6 33. Nde4 Qc6 34. Rd1 Be6 35. Rd6 Qc4 36. Qd3 Bf5 37. Qxc4 bxc4 38. Rb6 Rd8 39. Rb4 Bxe4 40. Nxe4 Rd3 41. Rxc4 f5 42. Nf2 Rxg3+ 43. Kf1 Rf3 44. Kg2 e4 45. Nxe4 fxe4 46. Rxe4 Kf5 47. Re2 a5 48. c4 Rf4 49. Rc2 Ke6 50. b4 Kd6 51. Kg3 Rf3+ 52. Kxg4 Rxa3 53. c5+ Kc7 54. b5 Rb3 1/2-1/2

[Event "Moscow City Team-ch"]
[Site "Moscow"]
[Date "2021.09.12"]
[Round "2"]
[White "Tenikashvili, Georgij"]
[Black "Pogosyan, Stefan"]
[Result "0-1"]
[WhiteElo "2341"]
[BlackElo "2400"]
[PlyCount "146"]
[EventDate "2021.09.11"]
[EventType "team-swiss"]
[EventRounds "7"]
[EventCountry "RUS"]
[SourceTitle "EXT 2022"]
[Source "ChessBase"]
[SourceDate "2021.10.06"]
[SourceVersion "1"]
[SourceVersionDate "2021.10.06"]
[SourceQuality "1"]

1. d4 Nf6 2. Nf3 e6 3. c4 c5 4. d5 b5 5. Bg5 d6 6. e4 Be7 7. Nbd2 b4 8. Bd3 0-0 9. 0-0 e5 10. Bxf6 Bxf6 11. a3 bxa3 12. Rxa3 Na6 13. Qa1 Nb4 14. Ne1 Bg5 15. Ndf3 Bh6 16. Bb1 a6 17. Nc2 Rb8 18. Nxb4 Rxb4 19. Bd3 Qb6 20. Rb1 g6 21. Ra4 f5 22. Rxb4 cxb4 23. Re1 Bd7 24. h4 a5 25. b3 Qc5 26. Qd1 Kg7 27. Qc2 Bf4 28. Ra1 Kf6 29. Kf1 Rb8 30. Re1 h5 31. Qe2 a4 32. g3 fxe4 33. gxf4 exd3 34. fxe5+ Kg7 35. Qxd3 Bf5 36. Qe2 axb3 37. e6 Kg8 38. Kg1 b2 39. Qxb2 Qxc4 40. Qd4 Qxd4 41. Nxd4 b3 42. Nxf5 gxf5 43. Rb1 Kg7 44. Kg2 Kf6 45. Kf3 Rb5 46. Kf4 Rxd5 47. Rxb3 Rd4+ 48. Kg3 Rg4+ 49. Kh3 Kxe6 50. Rb8 d5 51. Re8+ Kf6 52. f3 Rg1 53. f4 Rg4 54. Rd8 Ke6 55. Re8+ Kd6 56. Rh8 d4 57. Rxh5 d3 58. Rh8 Kd5 59. Rd8+ Ke4 60. h5 Ke3 61. h6 Rg6 62. Kh4 Rxh6+ 63. Kg5 Rh1 64. Re8+ Kf2 65. Rd8 Rh3 66. Kxf5 Ke2 67. Ke6 Re3+ 68. Kf6 d2 69. Rxd2+ Kxd2 70. f5 Kd3 71. Kg6 Rg3+ 72. Kf7 Ke4 73. f6 Kf5 0-1

[Event "RUS-ch Higher League 74th"]
[Site "Cheboksary"]
[Date "2021.06.30"]
[Round "5"]
[White "Pogosyan, Stefan"]
[Black "Samojlov, Anton"]
[Result "1-0"]
[WhiteElo "2413"]
[BlackElo "2372"]
[PlyCount "91"]
[EventDate "2021.06.26"]
[EventType "swiss"]
[EventRounds "9"]
[EventCountry "RUS"]
[SourceTitle "CBM 203 Extra"]
[Source "ChessBase"]
[SourceDate "2021.09.30"]
[SourceVersion "1"]
[SourceVersionDate "2021.09.30"]
[SourceQuality "1"]

1. Nf3 Nf6 2. g3 e6 3. Bg2 d5 4. 0-0 c5 5. c4 dxc4 6. Na3 Be7 7. Nxc4 Nc6 8. b3 0-0 9. Bb2 Qc7 10. d4 Rd8 11. Nce5 cxd4 12. Qc2 Nd5 13. Nxc6 Qxc6 14. Qxc6 bxc6 15. Nxd4 Bd7 16. Rac1 Rac8 17. Rfd1 c5 18. Nf5 exf5 19. Bxd5 Be6 20. Bxe6 fxe6 21. Kf1 Rxd1+ 22. Rxd1 Rd8 23. Rxd8+ Bxd8 24. e3 Kf7 25. Ke2 g5 26. Kd3 Ke7 27. Kc4 Kd6 28. Kb5 Kd5 29. Ka6 g4 30. Kxa7 Ba5 31. Bc1 Kc6 32. e4 c4 33. exf5 exf5 34. Ka6 Be1 35. Be3 cxb3 36. axb3 h5 37. Ba7 Bb4 38. Bb6 Be7 39. Be3 h4 40. gxh4 Bxh4 41. b4 Bd8 42. b5+ Kd5 43. b6 Ke4 44. Kb5 Bf6 45. Kc6 Be5 46. Bc5 1-0

[Event "RUS-ch U20"]
[Site "Loo"]
[Date "2021.04.28"]
[Round "8"]
[White "Marchuk, Rostislav"]
[Black "Pogosyan, Stefan"]
[Result "1-0"]
[WhiteElo "2080"]
[BlackElo "2444"]
[PlyCount "79"]
[EventDate "2021.04.21"]
[EventType "swiss"]
[EventRounds "9"]
[EventCountry "RUS"]
[SourceTitle "CBM 202 Extra"]
[Source "ChessBase"]
[SourceDate "2021.07.31"]
[SourceVersion "1"]
[SourceVersionDate "2021.07.31"]
[SourceQuality "1"]

1. d4 f5 2. Nf3 Nf6 3. g3 g6 4. Bg2 Bg7 5. 0-0 0-0 6. c4 d6 7. Nc3 Qe8 8. b4 c6 9. c5 Nbd7 10. Ng5 dxc5 11. bxc5 e5 12. d5 Nxc5 13. Ba3 b6 14. dxc6 e4 15. Bxc5 bxc5 16. Qd6 h6 17. Nb5 Qd8 18. Qxd8 Rxd8 19. Rad1 Rf8 20. Nc7 Rb8 21. Nge6 Bxe6 22. Nxe6 Rfe8 23. Nxg7 Kxg7 24. f3 Rbc8 25. Rd7+ Kg8 26. fxe4 Nxe4 27. Bxe4 Rxe4 28. Rb1 Kf8 29. c7 Ree8 30. Kf2 c4 31. Rb4 c3 32. Rc4 Re7 33. Rd8+ Re8 34. Rd6 Kf7 35. Rxc3 Re6 36. Rd8 Re8 37. Rxc8 Rxc8 38. Rc6 g5 39. Rxh6 Rxc7 40. Rh7+ 1-0

[Event "RUS-ch U20"]
[Site "Loo"]
[Date "2021.04.25"]
[Round "5"]
[White "Pogosyan, Stefan"]
[Black "Vetokhin, Savva"]
[Result "0-1"]
[WhiteElo "2444"]
[BlackElo "2261"]
[PlyCount "120"]
[EventDate "2021.04.21"]
[EventType "swiss"]
[EventRounds "9"]
[EventCountry "RUS"]
[SourceTitle "CBM 202 Extra"]
[Source "ChessBase"]
[SourceDate "2021.07.31"]
[SourceVersion "1"]
[SourceVersionDate "2021.07.31"]
[SourceQuality "1"]

1. Nf3 Nf6 2. c4 e6 3. Nc3 d5 4. d4 Bb4 5. Qa4+ Nc6 6. a3 Bxc3+ 7. bxc3 0-0 8. Bg5 h6 9. Bh4 g5 10. Bg3 Ne4 11. Qc2 h5 12. h4 Nxg3 13. fxg3 g4 14. Ng5 f5 15. e3 Qd6 16. Kf2 Ne7 17. cxd5 exd5 18. c4 c6 19. Bd3 Bd7 20. Rhc1 Kg7 21. Rab1 dxc4 22. Qxc4 b6 23. Qb4 Qxb4 24. axb4 Rfc8 25. e4 fxe4 26. Bxe4 Bf5 27. Bxf5 Nxf5 28. Ne6+ Kh6 29. Rb2 a5 30. bxa5 bxa5 31. Rbc2 a4 32. d5 c5 33. Nxc5 a3 34. Ra2 Nd6 35. Nd3 Ne4+ 36. Ke1 Rxc1+ 37. Nxc1 Nc3 38. Rd2 a2 39. Nxa2 Nxa2 40. d6 Nc3 41. d7 Rd8 42. Rd4 Nb5 43. Rd5 Nc7 44. Rd6+ Kg7 45. Ke2 Kf7 46. Ke3 Ne6 47. Rd5 Ng7 48. Ke4 Ke6 49. Re5+ Kxd7 50. Kf4 Re8 51. Ra5 Ke7 52. Kg5 Kf7 53. Kh6 Rh8+ 54. Kg5 Ne6+ 55. Kf5 Rh6 56. Ra7+ Kg8 57. Ra2 Ng7+ 58. Kg5 Kh7 59. Rf2 Rg6+ 60. Kf4 Kh6 0-1

[Event "RUS-ch U20"]
[Site "Loo"]
[Date "2021.04.24"]
[Round "4"]
[White "Pavlov, Danila"]
[Black "Pogosyan, Stefan"]
[Result "1-0"]
[WhiteElo "2360"]
[BlackElo "2444"]
[PlyCount "75"]
[EventDate "2021.04.21"]
[EventType "swiss"]
[EventRounds "9"]
[EventCountry "RUS"]
[SourceTitle "CBM 202 Extra"]
[Source "ChessBase"]
[SourceDate "2021.07.31"]
[SourceVersion "1"]
[SourceVersionDate "2021.07.31"]
[SourceQuality "1"]

1. e4 c5 2. Nf3 Nc6 3. d4 cxd4 4. Nxd4 e6 5. Nc3 Qc7 6. g3 a6 7. Bg2 Nf6 8. 0-0 Bc5 9. Nb3 Ba7 10. Qe2 Ne5 11. Kh1 h5 12. f4 Nc4 13. e5 Ng4 14. Ne4 d5 15. exd6 Nxd6 16. Nxd6+ Qxd6 17. Bd2 Qc7 18. c4 e5 19. f5 Bd7 20. Na5 Rb8 21. b4 g6 22. fxg6 h4 23. g7 Rg8 24. h3 hxg3 25. hxg4 Rxg7 26. Be3 Bxg4 27. Qe1 Be6 28. Bxa7 Qe7 29. Rf3 Qh4+ 30. Kg1 e4 31. Rf4 Qxf4 32. Bxb8 Qxb8 33. Qxe4 Qd8 34. Nxb7 Qd2 35. Qc6+ Bd7 36. Qb6 Be6 37. Nd6+ Ke7 38. Ne4 1-0

[Event "Cheliabinsk Variant Gp-A"]
[Site "Cheliabinsk"]
[Date "2021.03.31"]
[Round "10"]
[White "Petrov, Nikita"]
[Black "Pogosyan, Stefan"]
[Result "0-1"]
[WhiteElo "2571"]
[BlackElo "2444"]
[PlyCount "116"]
[EventDate "2021.03.23"]
[EventType "swiss"]
[EventRounds "10"]
[EventCountry "RUS"]
[SourceTitle "CBM 202 Extra"]
[Source "ChessBase"]
[SourceDate "2021.07.31"]
[SourceVersion "1"]
[SourceVersionDate "2021.07.31"]
[SourceQuality "1"]

1. d4 Nf6 2. c4 e6 3. Nf3 d5 4. Nc3 Bb4 5. Qa4+ Nc6 6. a3 Bxc3+ 7. bxc3 Bd7 8. Qc2 h6 9. cxd5 exd5 10. Bf4 0-0 11. e3 Nh5 12. Bg3 Nxg3 13. hxg3 Na5 14. Bd3 c5 15. Ne5 Nc6 16. Nxd7 Qxd7 17. 0-0 Qd6 18. dxc5 Qxc5 19. Rfb1 b6 20. Rb5 Qd6 21. Qa2 Rfd8 22. Rd1 Ne7 23. c4 Qc6 24. Rbb1 Rac8 25. cxd5 Nxd5 26. Be4 Nc3 27. Bxc6 Nxa2 28. Rxd8+ Rxd8 29. Rb2 Nc3 30. Kh2 Kf8 31. Rb3 Nd1 32. f3 Rc8 33. Bb7 Rc7 34. Ba8 Rc3 35. Rxc3 Nxc3 36. Kg1 Ke7 37. Bc6 Kd6 38. Be8 f6 39. Kf2 Kc5 40. e4 Kd4 41. a4 a6 42. Bd7 b5 43. axb5 axb5 44. Be6 Nd1+ 45. Ke2 Ne3 46. Kf2 b4 47. Ba2 Nd1+ 48. Ke1 Nc3 49. Bb3 Ke3 50. Bf7 g5 51. Bc4 Kd4 52. Bf7 Kd3 53. Bg6 Ke3 54. Bf7 Ne2 55. g4 Nf4 56. Kf1 Nd3 57. Bd5 Kd2 58. Bf7 Nc5 0-1

[Event "Cheliabinsk Variant Gp-A"]
[Site "Cheliabinsk"]
[Date "2021.03.28"]
[Round "7"]
[White "Pogosyan, Stefan"]
[Black "Vlassov, Nikolai"]
[Result "1-0"]
[WhiteElo "2444"]
[BlackElo "2331"]
[PlyCount "79"]
[EventDate "2021.03.23"]
[EventType "swiss"]
[EventRounds "10"]
[EventCountry "RUS"]
[SourceTitle "CBM 202 Extra"]
[Source "ChessBase"]
[SourceDate "2021.07.31"]
[SourceVersion "1"]
[SourceVersionDate "2021.07.31"]
[SourceQuality "1"]

1. f4 Nf6 2. Nf3 d5 3. g3 c5 4. Bg2 Nc6 5. 0-0 g6 6. d3 Bg7 7. Qe1 d4 8. c3 0-0 9. Na3 Nd5 10. Bd2 Re8 11. Nc4 Rb8 12. a4 b6 13. Rc1 Bb7 14. g4 e6 15. Qf2 f5 16. h3 Qc7 17. Qg3 Rbd8 18. Rf2 Rd7 19. Nce5 Nxe5 20. Nxe5 Bxe5 21. fxe5 dxc3 22. bxc3 Rf7 23. Rcf1 Ref8 24. Bh6 f4 25. Qh2 g5 26. Bxf8 Rxf8 27. Bxd5 Bxd5 28. h4 h6 29. e4 Bc6 30. hxg5 hxg5 31. Qh6 Bxa4 32. Qxg5+ Qg7 33. Qxg7+ Kxg7 34. Rxf4 Rd8 35. Rf7+ Kg8 36. Rxa7 Bc2 37. Rf6 Bxd3 38. Rxe6 Bxe4 39. Rxb6 c4 40. Kf2 1-0

[Event "Moscow-ch Rapid"]
[Site "Moscow"]
[Date "2021.03.21"]
[Round "7"]
[White "Pogosyan, Stefan"]
[Black "Klukin, Kirill"]
[Result "1/2-1/2"]
[WhiteElo "2444"]
[BlackElo "2330"]
[PlyCount "178"]
[EventDate "2021.03.20"]
[EventType "swiss (rapid)"]
[EventRounds "9"]
[EventCountry "RUS"]
[SourceTitle "CBM 201 Extra"]
[Source "ChessBase"]
[SourceDate "2021.05.31"]
[SourceVersion "1"]
[SourceVersionDate "2021.05.31"]
[SourceQuality "1"]

1. e4 c5 2. b3 Nc6 3. Bb2 Nf6 4. Nc3 d6 5. Nf3 g6 6. d4 cxd4 7. Nxd4 Bg7 8. Be2 0-0 9. 0-0 Nxd4 10. Qxd4 Be6 11. Nd1 Qa5 12. c4 a6 13. Bc3 Qc5 14. Qxc5 dxc5 15. f3 Nd7 16. Bxg7 Kxg7 17. Nc3 Ne5 18. Kf2 f5 19. f4 fxe4 20. Ke3 Nc6 21. Nxe4 b6 22. Ng5 Nd4 23. Nxe6+ Nxe6 24. Rad1 Rad8 25. g3 Nd4 26. Bd3 Rd6 27. Rd2 Rfd8 28. Rfd1 Kf6 29. Be4 Nf5+ 30. Ke2 Nd4+ 31. Ke3 e6 32. g4 Ke7 33. h4 a5 34. g5 e5 35. fxe5 Re6 36. Bd5 Rxe5+ 37. Kd3 Rf8 38. Rh1 Kd6 39. Rg2 Rfe8 40. h5 Re3+ 41. Kd2 Re2+ 42. Rxe2 Rxe2+ 43. Kd3 Re5 44. h6 Rxg5 45. Bg8 Ke7 46. Bxh7 Kf8 47. Bxg6 Kg8 48. Be4 Rg3+ 49. Kd2 Rg4 50. Bd3 Rg2+ 51. Kc3 Rg3 52. h7+ Kh8 53. Re1 Nf5 54. Re8+ Kxh7 55. Re5 Kg6 56. Kd2 Rf3 57. Re6+ Kg5 58. Bxf5 Kxf5 59. Rxb6 Rf2+ 60. Kc3 Rxa2 61. Rb5 Ke5 62. Rxc5+ Kd6 63. Rh5 Kc6 64. Rh6+ Kc7 65. Rh7+ Kc6 66. Rh6+ Kc7 67. Rh5 Kc6 68. Rg5 Kb6 69. Rg6+ Kc7 70. Rh6 Kb7 71. Rh5 Kc6 72. Rb5 Kd6 73. Rf5 Kc6 74. Rf6+ Kc7 75. Kd3 Ra3 76. Kc2 Ra2+ 77. Kb1 Rh2 78. Rf5 Kb6 79. Rb5+ Ka6 80. Kc1 Rg2 81. Rd5 Kb6 82. Rd2 Rg4 83. Kb2 a4 84. Rd6+ Kc7 85. Rd5 axb3 86. Kxb3 Rg6 87. Kb4 Kb6 88. Rb5+ Kc6 89. Ra5 Kb7 1/2-1/2